| 000 | 00494nam a2200169 a 4500 | ||
|---|---|---|---|
| 001 | 0000-9192 | ||
| 003 | ELIB.Books | ||
| 008 | 110520 1988 | ||
| 035 | _a(ELIB.Books)0000-9344 | ||
| 082 |
_a285.732 _bVan |
||
| 100 | _aVan Wylen, Gordon J. | ||
| 245 | _aVision for a Christian College | ||
| 260 |
_bGrand Rapids: Wm .B.Eerdmans Publishing Company _c1988 |
||
| 650 | _aReformed Church In America - Higher - Education | ||
| 942 |
_2ddc _cBK |
||
| 998 |
_cbat _e2011-05-20 |
||
| 999 |
_c9192 _d9192 |
||